50 Największych miast w województwie Mazowieckim - Statystyki

Ogólne statystyki
  • Ten quiz został rozwiązany 119 razy
  • Średni wynik to 32 z 50
Statystyki odpowiedzi
Populacja Odpowiedź % Poprawnych
1 861 599 Warszawa
99%
196 005 Radom
96%
111 190 Płock
93%
75 297 Siedlce
92%
65 461 Pruszków
90%
52 630 Legionowo
87%
39 837 Mińsk Mazowiecki
87%
38 594 Żyrardów
86%
48 229 Ostrołęka
85%
51 971 Piaseczno
85%
43 895 Otwock
83%
35 620 Wołomin
83%
45 347 Ząbki
82%
30 802 Mława
79%
41 740 Ciechanów
77%
34 718 Grodzisk Mazowiecki
76%
28 548 Nowy Dwór Mazowiecki
76%
33 456 Sochaczew
76%
45 365 Marki
73%
16 807 Grójec
72%
17 268 Garwolin
66%
21 530 Płońsk
66%
26 019 Wyszków
66%
16 941 Sierpc
65%
16 986 Gostynin
63%
21 530 Ostrów Mazowiecka
61%
19 064 Pułtusk
59%
21 217 Józefów
58%
22 932 Piastów
58%
8437 Żuromin
56%
16 894 Konstancin-Jeziorna
55%
11 844 Węgrów
54%
15 530 Kozienice
52%
18 226 Łomianki
52%
10 556 Szydłowiec
52%
15 623 Ożarów Mazowiecki
51%
16 357 Przasnysz
51%
14 962 Radzymin
51%
21 428 Sulejówek
49%
11 889 Warka
48%
18 361 Sokołów Podlaski
46%
18 143 Zielonka
44%
8939 Maków Mazowiecki
41%
16 424 Milanówek
41%
12 172 Błonie
38%
14 568 Brwinów
38%
28 339 Kobyłka
38%
12 129 Góra Kalwaria
37%
16 089 Pionki
31%
9245 Karczew
23%
Nie znaleziono quizów pasujących do podanych kryteriów
Rozkład punktacji
Procent ludzi z każdym wynikiem
Percentyl według liczby udzielonych odpowiedzi
Twoja historia wyników
Nie rozwiązałeś tego quizu